Jak dopadnou nová kapitálová pravidla na banky?
Aké by mohli byť dopady nových kapitálových pravidiel, ktoré začnú platiť na prelome rokov 2006/2007 na banky ukazujú celosvetové výsledky kvantitatívnej dopadovej štúdie QIS3. České výsledky nasvedčujú, že dopady na banky môžu byť v ČR tvrdšie, než sa v priemere očakávalo. Metodika spracovania výsl...
Salvato in:
| Autore principale: | |
|---|---|
| Natura: | Capitolo di libro |
| Lingua: | ceco |
| Soggetti: | |
| Tags: |
Nessun Tag, puoi essere il primo ad aggiungerne!!
|
MARC
| LEADER | 00000naa$a2200000$$$4500 | ||
|---|---|---|---|
| 001 | 0005452 | ||
| 005 | 20231004073428.3 | ||
| 041 | 0 | |a cze | |
| 044 | |a CZ | ||
| 245 | 1 | 0 | |a Jak dopadnou nová kapitálová pravidla na banky? |c aut. Helena Sůvová |
| 520 | |a Aké by mohli byť dopady nových kapitálových pravidiel, ktoré začnú platiť na prelome rokov 2006/2007 na banky ukazujú celosvetové výsledky kvantitatívnej dopadovej štúdie QIS3. České výsledky nasvedčujú, že dopady na banky môžu byť v ČR tvrdšie, než sa v priemere očakávalo. Metodika spracovania výsledkov. Komentár k výsledkom. | ||
| 610 | 2 | 0 | |a kapitál bankový |
| 610 | 2 | 0 | |a Bazilej II |
| 610 | 2 | 0 | |a dohľad bankový |
| 610 | 2 | 0 | |a regulácia |
| 610 | 2 | 0 | |a banky |
| 610 | 2 | 0 | |a Európska únia |
| 610 | 2 | 0 | |a Česko |
| 610 | 2 | 0 | |a štúdie |
| 100 | 1 | |a Sůvová, Helena | |